الجامع فى تعلم اللغة الانكليزية بدون معلم

Bibliographic Details
Format: Book
Published: Beirut Dar al-Sharq al-'Arabi [19--]
Subjects:

MARC

LEADER 00000cam a2200000 7i4500
001 0000000207
008 021118n
090 0 0 |a PE1128  |b .J3 
245 1 2 |a الجامع فى تعلم اللغة الانكليزية بدون معلم 
260 2 |a Beirut  |b Dar al-Sharq al-'Arabi  |c [19--] 
300 |a 126 p .  |c 20 cm 
650 0 |a English language  |v Terms and phrases 
650 0 |a English language  |v Textbooks for foreign speakers  |x Arabic 
650 0 |a English language  |x Grammar  |x Study and teaching 
999 |a 1000041577  |b Book  |c OPEN SHELF (30 DAYS)  |e Gong Badak Campus